000
00492nam a2200181Ia 4500
008
090124s9999 xx 000 0 und d
082
_b
122755
100
_a
रायकर प्रतिभा
245
_a
श्रद्धा
250
_a
1
260
_c
1988
300
_a
203
600
_a
रायकर प्रतिभा
630
_a
श्रद्धा
700
_a
रायकर प्रतिभा
730
_a
श्रद्धा
942
_c
BOOK
999
_c
168841
_d
168841